| 000 | 02104cam a22004814i 4500 | ||
|---|---|---|---|
| 003 | PE-LiUPU | ||
| 005 | 20250731173350.0 | ||
| 008 | 150706s2009 inua r 000 0 eng d | ||
| 020 | _a9781575061535 | ||
| 035 | _a(Sirsi) i9781575061535 | ||
| 040 |
_aPE-LiUPU _bspa _cPE-LiUPU _erda |
||
| 049 | _aPRUA | ||
| 082 | 0 | 4 |
_a220.467415 _bB74 _221 |
| 100 | 1 |
_aBordreuil, Pierre, _eautor. |
|
| 245 | 1 | 2 |
_aA manual of ugaritic / _cPierrer Bordreuil y Dennis Pardee. |
| 264 | 1 |
_aWinona Lake : _bEisenbrauns, _c2009. |
|
| 300 |
_a355 páginas : _bilustraciones ; _c24 centímetros |
||
| 336 |
_atext _2rdacontent |
||
| 337 |
_aunmediated _2rdamedia |
||
| 338 |
_avolume _2rdacarrier |
||
| 505 | 0 | _aHistorical introduction and grammar -- Introduction to the history and culture of Ugarit -- Writing system -- Phonology -- Morphology -- Derivational processes -- Compounding -- Syntax -- Vocabulary/Lexicon -- Particularities of poetic texts -- Abbreviations and sigla -- Works cited and bibliographical abbreviations -- Hand copies -- Selection of texts -- Mythological texts -- Ritual texts -- Incantations -- "Scientific" texts -- Letters -- Legal texts -- Administrative texts -- Abecedaries -- Concordance of text numbers. | |
| 526 | _aSEG42 | ||
| 526 | _aSEG41 | ||
| 526 | _aSEG40 | ||
| 526 | _aSEG39 | ||
| 526 | _aP94 | ||
| 526 | _aP87 | ||
| 526 | _aP86 | ||
| 526 | _aP85 | ||
| 526 | _aP77 | ||
| 526 | _aP76 | ||
| 526 | _aP35 | ||
| 541 | _g479133; | ||
| 650 | 1 | 4 |
_aUgaritico _xGramática. |
| 650 | 2 | 4 |
_aUgaritico _xTextos. |
| 700 | 1 |
_aPardee, Dennis, _eautor. |
|
| 910 |
_agl _bjv _clch _d20100217 |
||
| 942 |
_2ddc _cBOOK |
||
| 949 |
_a220.467415 B74 _wDEWEY _c1 _i60992 _lCCODEBUL1 _mBUL _p70.00 _r0 _sY _tBOOK _u2015-7-6 _xTEOLOGIA _zUNKNOWN _0COMPRA _o.STAFF. Colección General |
||
| 994 |
_aC0 _bPEPRU |
||
| 596 | _a1 | ||
| 999 |
_a220.467415 B74 _wDEWEY _c50332 _i60992 _d50332 _e2018-11-15 _f2021-11-9 _g5 _lCCODEBUL1 _mBUL _n1 _p70.00 _r0 _sY _tBOOK _u2015-7-6 _xTEOLOGIA _PP35 _0COMPRA _o.STAFF. Colección Teología |
||
| 980 |
_81 _gALBERTO SANCHEZ Responsable de Automatización |
||